Relativity visualized

Shranjeno v:
Bibliografske podrobnosti
Glavni avtor: Epstein, Lewis Carroll (Author)
Format: Knjiga
Jezik:angleščina
Izdano: San Francisco Insight Press 1985
Teme:
Oznake: Označite
Brez oznak, prvi označite!

MARC

LEADER 00000nam a2200000 a 4500
001 UCU7411
003 CL-VaPUC
008 960705e19850000US |||||||||||||||||eng|d
082 0 4 |a 530.12  |b EPS  |2 21 
100 0 |a Epstein, Lewis Carroll  |e author  |9 366236 
245 1 0 |a Relativity visualized 
300 |a 199 p 
942 |c BK 
945 |d 19960705 00:00:00  |a rbrito 
260 |a San Francisco  |b Insight Press  |c 1985 
650 0 |a Relatividad  |9 269977 
650 0 |a Teoría de la relatividad   |9 266149 
650 0 |a Teoría cuántica  |9 266148 
650 0 |a Física   |9 227844 
650 0 |a Gravitación   |9 332312 
583 |a last modification  |c 19960705 00:00:00  |k Rodrigo Vera 
999 |c 250065  |d 250063